LEADER 04893nam 22006255 450 001 9910861088103321 005 20260306131833.0 010 $a3-031-46349-8 024 7 $a10.1007/978-3-031-46349-5 035 $a(MiAaPQ)EBC31345494 035 $a(Au-PeEL)EBL31345494 035 $a(CKB)32074563900041 035 $a(DE-He213)978-3-031-46349-5 035 $a(EXLCZ)9932074563900041 100 $a20240516d2024 u| 0 101 0 $aeng 135 $aurcnu|||||||| 181 $ctxt$2rdacontent 182 $cc$2rdamedia 183 $acr$2rdacarrier 200 10$aEmotions in Cultural Context /$fedited by Girishwar Misra, Indiwar Misra 205 $a1st ed. 2024. 210 1$aCham :$cSpringer International Publishing :$cImprint: Springer,$d2024. 215 $a1 online resource (533 pages) 225 1 $aInternational and Cultural Psychology,$x2197-7984 311 08$a3-031-46348-X 320 $aIncludes bibliographical references and index. 327 $aPart I. Theoretical Perspectives on Emotions -- Understanding Emotions: Perspectives from Neuroscience -- Emotions in Cultural Context -- Bridging the Self-Other Divide: Rasa, Self-transformation and Well-being in Indian Psychology -- Emotions in Social and Cultural Spaces and their Role in Meaning Making -- An Integrated Approach to the Conceptualisation of Emotion Regulation in Diverse Cultures -- Micro-Momentary Emotional Expressions: A Life-Span Perspective -- Emotions at work: Applications of Emotional Intelligence -- Part II. Cultural Context and Development of Emotions -- Parenting and Emotions: An Understanding of Parental Emotional Regulation -- Exploring Some Cultural Factors in Recognition of Emotions in Children through Mothers? Recollection: A Memory-Based Method -- Emotional Empowerment in High School Life -- Emotions and Learning: Perceptions of Indian Children -- Psychological Approaches to Fostering Positive Emotions in Cultural Context -- Youth and Technology: Leveraging EmotionalIntelligence to Resist from Falling into Digital Dystopia -- Emotions as Metaphors: Critically Reconstructing Psychiatric and Cultural Discourses for Trauma and Healing -- Part III. Facets of Emotion -- Compassion, Kindness and Moral Wellbeing: Indian Perspectives -- Emotions in Romantic Relationships -- Indigenous Perspectives on Happiness: Insights from Indian Traditions -- Knowledge, Emotions and Well-being: A Vision into Psychic Conflicts from the Khoshias of Western Himalaya -- Lajja: The Missing ?Basic? Emotion in the Natya Shastra and What that tells us about the Hindu Moral Code -- How Do East Asians Perceive and Cope with Psychological Distress and Stressful Situations? A Cultural-Psychological Perspective -- Anger, Aggression and Violence and their Management -- Part IV. Émotions and Self Transformation -- Emotional Creativity: Applied Concerns -- Self and Emotions: Implications for Well-being -- Bhakti Rasa: The First and The Last Step to Freedom -- True Love: The Penultimate Emotion -- Rasa and Savoring: A Comparative Study of Aesthetic Emotions -- Bodhicitta and Practice of Peace -- Hope . . . An Implacable Cosmos-Endowed Vitalism -- Post Script - Emotion and Human Sciences On the forms of knowing -- Index. 330 $aThis book approaches emotion from a cultural perspective in applied contexts, consolidating new research that examines the interface of emotions with various aspects of human life. It provides insights into the vibrant and growing field of emotion research by rearticulating the distinction and interrelationships of the trilogy of mind consisting of cognition, affection and conation. It brings into focus indigenous and culturally relevant conceptualizations of emotion processes. Among the topics covered: Emotions at work: applications of emotional intelligence Indian perspectives on youth, compassion, and moral well-being Parental emotion regulation strategies Role of emotions in construction of social identities Emotions in Cultural Context offers an up-to-date exploration of recent work in psychology of emotions. 410 0$aInternational and Cultural Psychology,$x2197-7984 606 $aEthnopsychology 606 $aEmotions 606 $aCross-Cultural Psychology 606 $aEmotion 606 $aEtnopsicologia$2thub 606 $aEmocions$2thub 606 $aCultura$2thub 608 $aLlibres electrònics$2thub 615 0$aEthnopsychology. 615 0$aEmotions. 615 14$aCross-Cultural Psychology. 615 24$aEmotion. 615 7$aEtnopsicologia 615 7$aEmocions 615 7$aCultura 676 $a152.4 702 $aMisra$b Girishwar 702 $aMisra$b Indiwar 801 0$bMiAaPQ 801 1$bMiAaPQ 801 2$bMiAaPQ 906 $aBOOK 912 $a9910861088103321 996 $aEmotions in Cultural Context$94163254 997 $aUNINA